[Event "Australian op"]
[Site "Canberra"]
[Date "2001.01.06"]
[Round "9"]
[White "Pisk, Petr"]
[Black "Volzhin, Alexander"]
[Result "0-1"]
[WhiteElo "2400"]
[BlackElo "2556"]
[Annotator "Volzhin,A"]
[PlyCount "50"]
[EventDate "2000.12.30"]
[EventType "swiss"]
[EventRounds "11"]
[EventCountry "AUS"]
[SourceTitle "EXT 2004"]
[Source "ChessBase"]
[SourceDate "2003.11.25"]
[SourceVersion "1"]
[SourceVersionDate "2003.11.25"]
[SourceQuality "1"]

1. e4 e5 2. Nf3 Nc6 3. Bb5 a6 4. Ba4 Nf6 5. d4 {This old line doesn't promise
White any advantage.} exd4 6. O-O Be7 7. Re1 b5 8. e5 Nxe5 9. Rxe5 d6 10. Re1
bxa4 11. Bg5 $6 (11. Nxd4 Bd7 12. Qf3 O-O 13. Nc6 Bxc6 14. Qxc6 {with
approximately equal chances}) 11... O-O ({An attemp to keep extra pawn gives
White excellent compensation after} 11... c5 $6 12. Bxf6 gxf6 13. c3 $1) 12.
Qe2 h6 (12... Re8 $5 {also deserves attention:} 13. Bxf6 gxf6 14. Nxd4 Bb7 15.
Qh5 Bf8 16. Nc3 Re5 17. Nf5 Qe8 18. Rxe5 Qxe5 19. Nxa4 Qe4 {with good play for
Black, Machulsky,A-Timoshchenko,G/USSR 1981}) 13. Bh4 (13. Qxe7 $2 hxg5 $17)
13... g5 14. Nxd4 {The only move. The alternatives are insufficient:} (14. Qxe7
Qxe7 (14... gxh4 15. Qe2 $44) 15. Rxe7 Nd5 $1 16. Re4 (16. Re1 gxh4 17. Nxd4 h3
$17) 16... c5 17. Nxg5 $8 (17. Bg3 f5 $19 {/\ f4}) 17... hxg5 18. Bxg5 Bf5 $15)
(14. Nxg5 $2 hxg5 15. Bxg5 Be6 $19) 14... Qd7 $1 $17 {N  In my opinion, this
move is the clear refutation of the whole line. Black wants to develop his
light-squared bishop to a8-h1 diagonal where it will be much more active than
on d7.} ({The well-known alternative to the text} 14... Bd7 {is not bad either,
for example:} 15. Bg3 Re8 16. Nc3 Bf8 17. Qd3 (17. Qd2 Bg7 18. f4 Nh5 19. Rxe8+
Qxe8 20. Re1 Qb8 21. fxg5 Nxg3 22. hxg3 Qb6 23. Re4 Re8 24. Rxe8+ Bxe8 25. Nce2
$15 {Petrushin-Seredenko, Aktjubinsk 1985}) 17... Bg7 18. a3 Rb8 19. Rxe8+ Qxe8
20. f4 Rxb2 21. Re1 Qd8 22. fxg5 hxg5 23. Qd2 Rb8 24. Qxg5 Ng4 $15 {
Petrushin-Dorfman, Tallinn 1983}) 15. Nc3 (15. Qxe7 $4 Re8 $19) (15. Bg3 Re8 {
/\c5, Bb7 -/+}) 15... Re8 16. Qf3 {An attemp to complicate.} (16. Bg3 Bb7 {
/\c5-/+ is clearly better for Black.}) 16... d5 17. Bxg5 $5 (17. Bg3 c5 18.
Nde2 Bb7 $19) 17... hxg5 18. Re5 $1 $44 {Now Black has to find a way how to
parry this sudden attack.} Nh7 $1 {The only move. White's initiative is really
very strong as the following variations prove:} (18... Bb7 $2 19. Rxg5+ Kf8 20.
Nf5 Nh7 21. Qh3 $1 Bxg5 22. Qxh7 $18) (18... Ng4 $2 19. Rxd5 Bd6 20. Rxg5+ Kf8
21. Nf5 $1 $18 (21. Qxa8 $2 Bxh2+ 22. Kh1 Qxd4 $17) 21... Qe6 22. g3 Be7 23.
Rxg4 Rb8 (23... Qxf5 24. Rf4) 24. Rf4 Bg5 25. Nd4 Qg6 26. Re4 $18) (18... g4 $6
19. Qf4 Nh7 20. Nxd5 $40 Bd6 $140 $2 21. Nf6+ $1 Nxf6 22. Rg5+ Kf8 23. Qxf6 $18
{->}) 19. Rae1 $6 {Allows Black to complete the development.} ({Natural} 19.
Nxd5 $5 {should be played and Black has to find} Bc5 $1 {[]} (19... Bd8 20.
Rxe8+ Qxe8 21. Nxc7 Bxc7 22. Qxa8 $16) 20. Rxe8+ Qxe8 21. Nxc7 Qd7 22. Qxa8 (
22. Nxa8 Bxd4 23. Rd1 Bb7 24. Qd3 Qc6 $19) 22... Bxd4 23. Nd5 Kg7 {/\Bb7} 24.
Ne7 Qxe7 25. Qxc8 a3 $1 {with huge edge.}) 19... Bb7 $1 20. Qe2 Kf8 21. Qh5 Bf6
$1 $19 {Now the game is over.} 22. Qh6+ Bg7 23. Qxh7 Rxe5 24. Rxe5 Bxe5 25. Nf5
Qe6 0-1

[Event "Chigorin Memorial 07th"]
[Site "St Petersburg"]
[Date "1999.11.06"]
[Round "5"]
[White "Dvoirys, Semen I"]
[Black "Shinkevich, Vitaly"]
[Result "1-0"]
[WhiteElo "2590"]
[BlackElo "2428"]
[Annotator "Wedberg,T"]
[PlyCount "71"]
[EventDate "1999.11.02"]
[EventType "swiss"]
[EventRounds "9"]
[EventCountry "RUS"]
[SourceTitle "CBM 074"]
[Source "ChessBase"]
[SourceDate "2000.02.01"]
[SourceVersion "1"]
[SourceVersionDate "2000.02.01"]
[SourceQuality "1"]

1. e4 e5 2. Nf3 Nc6 3. Bb5 a6 4. Ba4 Nf6 5. O-O Be7 6. d3 b5 7. Bb3 O-O 8. a4
Rb8 9. axb5 axb5 10. Nc3 (10. Re1 d6 11. c3 h6 12. Nbd2 Nh7 13. d4 Bf6 14. Nf1
Bg4 15. d5 Ne7 16. h3 Bxf3 17. Qxf3 Bg5 18. Ne3 $14 {1-0 Morozevich,A-Korneev,
O/Elista 1997/CBM 59 (65)}) 10... d6 11. h3 (11. Nd5 Nxd5 12. exd5 Nd4 13. Nxd4
exd4 $11 {1/2-1/2 Zagrebelny,S-Dovlatov,S/Abu Dhabi 1999/EXT 2000 (42)}) 11...
Be6 12. Nd5 Bxd5 13. exd5 Nb4 14. d4 e4 15. Ng5 c5 16. dxc6 {[%mdl 8]} (16. c3
Nbxd5 17. dxc5 dxc5 18. Nxe4 c4 19. Bc2 $14 {1-0 Romanishin,O-Nunn,J/Debrecen
1992/EU-chT/[Bulletin] (73)}) 16... d5 {Is the N trapped on g4?} 17. f3 exf3 (
17... h6 $5 {is the principal answer.} 18. fxe4 hxg5 19. exd5 Nbxd5 (19...
Nfxd5 $2 20. c3 Nxc6 21. Qf3 $1 $18) 20. Bxg5 Qb6 21. Rf5 Rbd8 22. c3 Qxc6 23.
Qf3 $36) 18. Nxf3 Nxc6 19. Ne5 $36 {Black is clearly on the recieving end here.
} Qb6 20. Nxc6 Qxc6 21. Bg5 Rbd8 22. Rf5 Rfe8 23. Qf3 Rd6 24. Bf4 Rd7 25. Be5
Bd8 26. Rf1 Qe6 27. Qg3 Kh8 28. c3 Rg8 29. Qf3 b4 (29... Ne4 30. Bxd5 $1 $18)
30. Bxf6 Bxf6 31. Bxd5 Qb6 32. Be4 Re7 33. Bc2 bxc3 34. bxc3 Rge8 35. Qd3 Re1
36. Rxf6 1-0

[Event "Hoogovens"]
[Site "Wijk aan Zee"]
[Date "1994.01.??"]
[Round "5"]
[White "Smirin, Ilia"]
[Black "Piket, Jeroen"]
[Result "1/2-1/2"]
[WhiteElo "2615"]
[BlackElo "2605"]
[Annotator "Wedberg,T"]
[PlyCount "45"]
[EventDate "1994.01.21"]
[EventType "tourn"]
[EventRounds "9"]
[EventCountry "NED"]
[EventCategory "14"]
[SourceTitle "CBM 040"]
[Source "ChessBase"]
[SourceDate "1994.06.01"]
[SourceVersion "1"]
[SourceVersionDate "1994.06.01"]
[SourceQuality "1"]

1. e4 e5 2. Nf3 Nc6 3. Bb5 a6 4. Ba4 Nf6 5. O-O Nxe4 6. d4 Be7 7. Re1 b5 8.
Rxe4 d5 9. Nxe5 Nxe5 10. Rxe5 (10. Bxb5+ axb5 11. Rxe5 O-O 12. Nc3 c6 13. Re1
$14 {/\Bf4 Parma}) 10... bxa4 11. c4 dxc4 12. Qxa4+ Bd7 13. Qxc4 O-O 14. Nc3
Bd6 15. Bg5 Qb8 $146 16. Re2 Re8 17. d5 (17. Rae1 $2 Qxb2 $1 18. Rxb2 $2 Rxe1+
19. Qf1 Bxh2+ 20. Kxh2 Rxf1 $19) 17... Rxe2 18. Qxe2 Qb4 19. Re1 a5 20. h3 h6
21. Bc1 Re8 22. Qd1 Re5 23. Rxe5 1/2-1/2

[Event "RUS-Cup03 Geller Memorial"]
[Site "Moscow"]
[Date "1999.02.09"]
[Round "8"]
[White "Balashov, Yuri S"]
[Black "Isanbaev, Ramil"]
[Result "1/2-1/2"]
[WhiteElo "2578"]
[BlackElo "2344"]
[Annotator "Wedberg,T"]
[PlyCount "211"]
[EventDate "1999.02.10"]
[EventType "swiss"]
[EventRounds "9"]
[EventCountry "RUS"]
[SourceTitle "CBM 070"]
[Source "ChessBase"]
[SourceDate "1999.06.08"]
[SourceVersion "1"]
[SourceVersionDate "1999.06.08"]
[SourceQuality "1"]

1. e4 e5 2. Nf3 Nc6 3. Bb5 a6 4. Ba4 Nf6 5. O-O Be7 6. d3 d6 7. c3 O-O 8. Re1
b5 9. Bc2 Re8 10. Nbd2 Bf8 11. Nf1 g6 (11... h6 12. h3 Bb7 13. Ng3 d5 14. Qe2
g6 15. a4 b4 16. a5 Qe7 17. Ba4 dxe4 18. dxe4 Red8 19. Bd2 bxc3 20. Bxc3 Nd4
21. Qe3 c5 $132 {0-1 Hernandez,Y-Baron Rodriguez,J/Zaragoza 1996/EXT 97 (29)})
12. Ng3 Bg7 13. h3 d5 $6 {Maybe a bit too early. Black is not developed.} 14.
Bg5 $1 h6 (14... d4 15. Qd2 $14) 15. Bxf6 Bxf6 16. exd5 Qxd5 17. d4 $1 $36 Bb7
18. Be4 Qd6 19. dxe5 Bxe5 20. Nxe5 Rxe5 21. Qxd6 cxd6 22. f4 Re7 23. Bf3 Rae8
24. Rxe7 Rxe7 25. Rd1 Na5 26. Kf2 Bxf3 27. Kxf3 Nb7 28. Ne4 $14 {White has a
pleasant endgame, with a clear weakness to probe. But Black's position is
defendable, since there is only one serious weakness.} f5 $1 29. Nf6+ (29. Nxd6
Rd7 $17) 29... Kf7 30. Nd5 Rd7 31. g4 Ke6 32. Nb6 Re7 33. b4 Kf7 34. gxf5 gxf5
35. Nd5 Re8 36. a4 {White needs another weakness to make any progress.} bxa4
37. Ra1 Rc8 38. Ke3 Re8+ 39. Kd3 Re4 40. Rxa4 $2 (40. c4 $142) 40... a5 $2 {
The 40th move is always difficult.} (40... Nc5+ $1 41. bxc5 Rxa4 42. cxd6 (42.
c6 Ra5 43. Kd4 Rc5 $19) 42... Ra5 43. Nc7 (43. Kd4 Ke6 $19) 43... Ra1 44. Kd4 (
44. Kc2 a5 45. c4 a4 46. c5 a3 47. d7 Ke7 48. c6 a2 49. Kb2 Rc1 $19) 44... a5
45. c4 a4 $17) 41. Ra3 axb4 42. Ra7 (42. cxb4 Ke6 $15) 42... bxc3 43. Kxc3 $2 (
43. Rxb7+ $1 Ke6 44. Nc7+ Kd7 (44... Kf6 45. h4) 45. Na6+ Ke6 46. Rb4 $18)
43... Ke6 $11 44. Nc7+ Kd7 45. Rxb7 Kc6 46. Nb5 Rxf4 47. Rb8 Rh4 48. Nd4+ Kd5
49. Nxf5 Rxh3+ 50. Kd2 Ke4 51. Nxd6+ Ke5 52. Rd8 h5 53. Ke2 h4 54. Nc4+ Ke4 55.
Nd2+ Kf4 56. Rf8+ Kg4 57. Rg8+ Kf4 58. Nf3 Rg3 59. Rf8+ Ke4 60. Nxh4 Ra3 {
This ending is a dead draw. Black must either blunder his R or play his K
voluntarily to a corner for White to win. White can never force Black´s K to a
corner.} 61. Re8+ Kd4 62. Nf3+ Kd5 63. Re5+ Kc4 64. Rh5 Rc3 65. Ne1 Kd4 66.
Rh4+ Kd5 67. Nd3 Rc8 68. Nb4+ Kc5 69. Kd3 Rg8 70. Kc3 Rg3+ 71. Nd3+ Kd5 72.
Rh5+ Kd6 73. Kd4 Rg4+ 74. Ke3 Ra4 75. Nc5 Rb4 76. Ne4+ Ke6 77. Kf4 Rd4 78. Re5+
Kd7 79. Kf5 Kc6 80. Rc5+ Kb6 81. Rc1 Rd8 82. Ke5 Rh8 83. Nf6 Kb5 84. Kd4 Rh4+
85. Kd5 Rf4 86. Nd7 Kb4 87. Ne5 Rf5 88. Ke4 Rh5 89. Nf3 Kb5 90. Kd4 Kb6 91. Ne5
Rh4+ 92. Kd5 Rh5 93. Rb1+ Kc7 94. Rb5 Rh1 95. Rc5+ Kb7 96. Rc2 Rd1+ 97. Kc5 Rh1
(97... Ka8 $2 {The only none-blundering move to lose.} 98. Rb2 {This is i a
won position for White. It takes 26 moves to win it according to the engame
cd-roms.} Rc1+ 99. Kd6 Rc8 100. Nc6 Rg8 101. Kc5 Rg5+ 102. Kb6 Rg2 103. Rb5 Rg5
104. Ne5 Rg7 105. Rd5 Rb7+ 106. Kc6 Re7 107. Nd7 Re6+ 108. Kc7 Ka7 109. Rd4 Rh6
110. Ra4+ Ra6 111. Rh4 Rg6 112. Ne5 Rg7+ 113. Kc6 Ka8 114. Rh1 Re7 115. Nd7
Re6+ 116. Kc7 Ka7 117. Nc5 Re7+ 118. Kc6 Ka8 119. Ra1+ Ra7 120. Na6 Re7 121.
Nc7+ Kb8 122. Ra8#) 98. Rg2 Rh7 99. Kd6 Rh6+ 100. Ng6 Kc8 101. Kc6 Kb8 102. Kd7
Kb7 103. Rb2+ Ka6 104. Ne7 Rb6 105. Ra2+ Kb5 106. Nc6 1/2-1/2

[Event "Sigeman & Co 07th"]
[Site "Malmo"]
[Date "1999.06.15"]
[Round "7"]
[White "De Firmian, Nick E"]
[Black "Hector, Jonny"]
[Result "1-0"]
[WhiteElo "2610"]
[BlackElo "2542"]
[Annotator "Wedberg,T"]
[PlyCount "70"]
[EventDate "1999.06.??"]
[EventType "tourn"]
[EventRounds "9"]
[EventCountry "SWE"]
[EventCategory "14"]
[SourceTitle "CBM 072"]
[Source "ChessBase"]
[SourceDate "1999.10.01"]
[SourceVersion "1"]
[SourceVersionDate "1999.10.01"]
[SourceQuality "1"]

1. e4 e5 2. Nf3 Nc6 3. Bb5 a6 4. Ba4 Nf6 5. O-O b5 6. Bb3 Bb7 7. d3 Be7 8. Nc3
O-O 9. a3 d6 10. Bd2 {De Firmian aims for a slow game and steers clear of all
theoretical questions.} (10. Nd5 Nxd5 11. Bxd5 Bf6 12. Be3 Qc8 13. Ba2 Nd4 14.
Nxd4 exd4 15. Bd2 d5 $132 {1/2-1/2 Spassky,B-Morovic Fernandez,I/Vina del Mar
1989/EXT 97 (31)}) 10... Nb8 (10... Nd4 $5 11. Nxd4 exd4 12. Ne2 c5 $13) 11.
Ne2 Nh5 12. h3 c5 13. Nc3 Nf6 14. Qe2 Nbd7 15. Nh2 Rc8 16. a4 Qb6 17. Ng4 c4 (
17... b4 18. Nd1 $14) 18. dxc4 bxc4 19. Bxc4 Nxe4 20. Nxe4 d5 21. Bb3 dxe4 22.
Nh6+ $1 {This is the refutation of Black´s central attack.} gxh6 23. Qg4+ Kh8
24. Qxd7 Rc7 $2 (24... Bg5 25. Bxg5 hxg5 26. Rad1 $14) 25. Qf5 $16 {[%cal
Yf5e5,Ye5c7,Ye5h8] Black cannot protect all his weaknesses.} Bc5 26. Bxh6 $1
Rg8 27. Qxe5+ f6 28. Qf4 Rg6 29. Rad1 Rc8 30. a5 e3 (30... Qxa5 31. Bf7 $18)
31. axb6 $18 Rxg2+ 32. Kh1 Rxf2+ 33. Bd5 Rxf4 34. Bxf4 e2 35. Bxb7 Re8 1-0

[Event "UKR-ch 73rd"]
[Site "Kharkov"]
[Date "2004.08.25"]
[Round "1.2"]
[White "Kuzmin, Gennadi P"]
[Black "Malaniuk, Vladimir P"]
[Result "1-0"]
[WhiteElo "2518"]
[BlackElo "2555"]
[Annotator "Wedberg,T"]
[PlyCount "61"]
[EventDate "2004.08.03"]
[EventType "k.o."]
[EventRounds "5"]
[EventCountry "UKR"]
[SourceTitle "CBM 103"]
[Source "ChessBase"]
[SourceDate "2004.11.11"]
[SourceVersion "1"]
[SourceVersionDate "2004.11.11"]
[SourceQuality "1"]

1. e4 e5 2. Nf3 Nc6 3. Bb5 a6 4. Ba4 Nf6 5. O-O b5 6. Bb3 Bb7 {White has an
array of possibilities in this position. They can be divided into two
categories: the slow and the ambitious.} 7. Nc3 {This belongs to the slow
category and it has a good track record.} (7. c3 {Quite ambitious.}) (7. Ng5 {
Too ambitious.} d5 8. exd5 Nd4) (7. Re1 {Slow, but it allows the sharp
Arkhangel variation.} Bc5) (7. d3 {Slow.}) (7. d4 {Ambitious.}) (7. Qe2 {
Fairly slow.}) 7... Be7 8. d3 O-O 9. Bd2 d6 10. a4 Na5 11. Ba2 b4 12. Nd5 (12.
Ne2 {allows Black to break free.} d5 $1 13. exd5 Bxd5 14. Bxd5 Qxd5 15. Ng3
Rfe8 16. Re1 Bf8 17. Qe2 Nc6 $11 {0-1 Adorjan,A-Planinec,A/Wijk aan Zee 1974/
MCD (46)}) 12... Nxd5 (12... c5 13. Nxe7+ Qxe7 14. Nh4 Ne8 (14... d5 $5) 15.
Nf5 Qd7 16. f4 $36 {1-0 Chandler,M-Rodriguez Cespedes,A/Minsk 1982/MCL (28)})
13. exd5 c5 14. c3 (14. dxc6 Nxc6 15. Bd5 $6 Qa5 $1 16. Ba2 d5 $15 {0-1
Bologan,V-Shirov,A/Moscow 1991/CBM 26 (61)}) 14... bxc3 15. Bxc3 Bc8 16. Qe1
Nb7 17. a5 $6 {This has been played before. It loses a P but White hopes for
active play against the black K.} (17. Nd2 $5 Bf5 18. Qe2 Qd7 19. Nc4 Bd8 20.
a5 Re8 21. Bb3 Re7 22. Ba4 Qc8 23. Bc6 $16 {1-0 Mohr,G-Prein,M/Wuerzburg 1991/
EXT 97 (28)}) 17... Bg4 18. Nd2 Nxa5 19. f4 exf4 20. Rxf4 Bh5 21. Qg3 (21. Ne4
Nb7 22. Bc4 Bg6 23. Rxa6 Rxa6 24. Bxa6 Qb6 25. Bc4 Ra8 26. h4 Qd8 $13 {1/2-1/2
Short,N-Malaniuk,V/Baku 1983/MCL (64)}) 21... g6 $6 {Weakening.} (21... Bg6 $5
22. h4 f6) 22. Ne4 f5 $2 {Now disaster strikes.} 23. Nxc5 $1 $16 Bf6 (23...
dxc5 24. d6+ c4 25. dxe7 Qxe7 26. Bxa5 $18) 24. Ne6 Qb6+ 25. Rf2 Nb3 (25... Rf7
26. Bxa5 Qxa5 27. Qxd6 $16) 26. Bxb3 Qxb3 27. Bxf6 (27. Nxf8 Bxc3 28. d4 $1 $18
) 27... Rxf6 28. Qxd6 Qb8 29. Qc5 Qe5 30. Rxa6 $1 Rb8 31. Rc6 1-0

[Event "FRA-ch"]
[Site "Meribel"]
[Date "1998.08.18"]
[Round "5"]
[White "Chomet, Pascal"]
[Black "Bacrot, Etienne"]
[Result "0-1"]
[WhiteElo "2405"]
[BlackElo "2555"]
[Annotator "Wedberg,T"]
[PlyCount "60"]
[EventDate "1998.08.14"]
[EventType "tourn"]
[EventRounds "15"]
[EventCountry "FRA"]
[EventCategory "10"]
[SourceTitle "CBM 067"]
[Source "ChessBase"]
[SourceDate "1998.11.30"]
[SourceVersion "2"]
[SourceVersionDate "1998.11.01"]
[SourceQuality "1"]

{[%mdl 984] Playing all out to win often means taking risks. To win sometimes
you need to pass through a lost position, as the swedish grandmaster Thomas
Ernst so eloquently once put it. Bacrot is a fighter and masters this concept
brilliantly in this game. The opening plan is dubious though.} 1. e4 e5 2. Nf3
Nc6 3. Bb5 a6 4. Ba4 Nf6 5. O-O b5 6. Bb3 Bb7 7. d3 Be7 8. Nc3 d6 9. a4 Nd4
$146 {Aggressive, but also risky. The play leads to patterns similar to the
Bird variation, 3. - Sd4.} (9... b4 10. Nd5 Nxd5 11. Bxd5 Na5 (11... Rb8 12.
Be3 O-O 13. Nd2 Na5 14. Bxb7 Rxb7 15. f4 exf4 16. Bxf4 Bf6 $15 {0-1 Djuric,
S-Oblitas,C/Buenos Aires 1991/TD 91\09 (64)}) (11... O-O 12. a5 Nxa5 13. Rxa5
c6 14. Bxf7+ Rxf7 15. Ra1 Qd7 16. Ng5 Bxg5 17. Bxg5 c5 18. c3 a5 19. Be3 Ra6 {
1/2-1/2 Sznapik,A-Pedzich,D/POL 1991/EXP 22 (19)}) 12. Bxb7 Nxb7 $11 {1/2-1/2
Tal,M-Timman,J/Brussels 1987/CBM 02 (42)}) (9... Na5 10. Ba2 b4 11. Ne2 O-O (
11... c5 12. Ng3 Bc8 13. c3 bxc3 14. bxc3 O-O 15. d4 Qc7 16. h3 Rb8 17. Re1 c4
18. Ba3 Re8 19. d5 Nb7 $11 {1/2-1/2 Djuric,S-Tseshkovsky,V/Tivat 1995/EXP 48 
(24)}) 12. Ng3 Rb8 13. Bd2 c5 14. Nf5 Bc8 15. N3h4 Be6 16. Qf3 Ne8 17. Bxe6
fxe6 18. Nxe7+ Qxe7 19. Qh3 $14 {1-0 Galdunts,S-Michalczak,T/Schwaebisch
Gmuend 1995/EXP 45 (25)}) 10. Nxd4 (10. axb5 Nxb3 11. cxb3 axb5 12. Rxa8 Bxa8
13. Nxb5 O-O $44 {Whites b-pawns are weak.}) 10... exd4 11. Ne2 c5 12. Ng3 h5
$6 {A move often seen in the Bird. In a single game surely playable, but in
analysis I think Blacks position is dubious.} (12... O-O {is safer, but} 13.
Nf5 {must be +/=.}) 13. Nf5 Bf8 14. Bg5 {This natural move is perhaps not the
best.} (14. Qe2 $5 {/\e5} Nd7 (14... Qd7 15. Bg5 $16) (14... Ng4 15. h3 Ne5 16.
f4 Ng6 17. e5 $16) (14... g6 15. e5 $40) 15. Bd5 Qc8 16. Bf4 Ne5 17. Bxb7 Qxb7
18. axb5 axb5 19. Rxa8+ Qxa8 20. c3 $16) 14... g6 15. e5 $5 (15. Nh4 Be7 $13
16. f4 $140 Ng4 $132) 15... dxe5 16. Qe2 Bd6 17. f4 e4 18. dxe4 (18. Nxd6+ Qxd6
19. f5 Ng4 20. Bf4 Qc6 $13) 18... gxf5 19. e5 c4 20. exd6+ $2 (20. Bxf6 Bc5 21.
Kh1 (21. Bxd8 d3+ 22. Qf2 Bxf2+ 23. Rxf2 Rxd8 $17) 21... Qd5 (21... Qxf6 22.
exf6+ Be4 23. Ba2 Rg8 24. Rf3 $18) 22. Bxh8 cxb3 23. cxb3 O-O-O 24. Bf6 Rg8 25.
Bg5 d3 $40) 20... Be4 $17 21. d7+ Qxd7 22. Bxf6 Rg8 23. Rf2 cxb3 24. cxb3 Rg6
25. Bg5 d3 26. Qxh5 Qd4 27. Rc1 d2 28. Rcf1 (28. Rd1 Rc8 $19) 28... Rc8 29. Qe2
Rd6 30. Rd1 Rc1 0-1

[Event "EU-ch 5th"]
[Site "Antalya"]
[Date "2004.05.18"]
[Round "4"]
[White "Gashimov, Vugar"]
[Black "Ivanchuk, Vassily"]
[Result "0-1"]
[WhiteElo "2565"]
[BlackElo "2716"]
[Annotator "Wedberg,T"]
[PlyCount "70"]
[EventDate "2004.05.15"]
[EventType "swiss"]
[EventRounds "13"]
[EventCountry "TUR"]
[SourceTitle "CBM 101"]
[Source "ChessBase"]
[SourceDate "2004.07.27"]
[SourceVersion "1"]
[SourceVersionDate "2004.07.27"]
[SourceQuality "1"]

1. e4 e5 2. Nf3 Nc6 3. Bb5 a6 4. Ba4 Nf6 5. d4 exd4 6. O-O Be7 7. e5 (7. Re1 {
is the main line.}) 7... Ne4 8. Nxd4 O-O 9. Nf5 d5 10. Bxc6 bxc6 11. Nxe7+ Qxe7
12. Re1 Re8 13. f3 Nc5 {Black has excellent results with this retreat as well
as with Nd6. So its a bit unclear why white players steers for this line.} 14.
b3 Ne6 15. Qd2 Qc5+ 16. Qf2 (16. Kh1 Qd4 17. c3 Qxd2 18. Nxd2 a5 19. Ba3 Ba6
20. g3 c5 21. f4 Bd3 22. Re3 c4 {with a good game for Black in Nataf,
I-Collange,P/Paris 1993/0-1 (58)}) 16... Qd4 {The ending is pleasant for Black
due to his active possibilities on the Q-side. White has a well protected P on
e5, but it is blocked and it limits the scope of his own B - all in all Black
should be prefered.} 17. Qxd4 Nxd4 18. Na3 Bf5 19. Be3 Ne6 20. Rad1 h5 {
Holding White's K-side down.} 21. Rd2 a5 22. Nb1 Rad8 23. Bf2 d4 24. Na3 c5 25.
Nc4 a4 26. Bg3 Ra8 27. Rc1 Ra6 $1 {Preparing to double on the a-file before
taking on b3 - an old trick.} 28. c3 $6 {Its understandable that White wants
activity, but now the Q-side P:s are all weak.} Rb8 29. cxd4 axb3 30. axb3 cxd4
31. Bf2 Rxb3 32. Bxd4 {Superficially this looks almost OK for White, but with
a few sharp moves Ivanchuk proves that notion to be wrong.} Rc6 $1 {[%cal
Yc6c1]} 33. Bb2 Bd3 $1 {[%mdl 2048] The white pieces are overburdened - he
must lose material.} 34. Rxd3 (34. Ne3 Rxb2 $1 $18) 34... Rxd3 35. Kf1 Rb3 0-1

[Event "Munich SKA"]
[Site "Munich"]
[Date "1993.??.??"]
[Round "6"]
[White "Hjartarson, Johann"]
[Black "Adams, Michael"]
[Result "1/2-1/2"]
[WhiteElo "2625"]
[BlackElo "2630"]
[Annotator "Wedberg,T"]
[PlyCount "109"]
[EventDate "1993.05.??"]
[EventType "tourn"]
[EventRounds "11"]
[EventCountry "GER"]
[EventCategory "16"]
[SourceTitle "CBM 036"]
[Source "ChessBase"]
[SourceDate "1993.10.01"]
[SourceVersion "1"]
[SourceVersionDate "1993.10.01"]
[SourceQuality "1"]

1. e4 e5 2. Nf3 Nc6 3. Bb5 a6 4. Ba4 Nf6 5. O-O b5 6. Bb3 Be7 7. d4 d6 8. c3
O-O 9. Nbd2 Re8 $146 (9... Bg4 10. h3 Bh5 11. d5 Na5 12. Bc2 c5 13. dxc6 Nxc6
14. Re1 Rc8 15. Nf1 Bg6 16. Ng3 {+/= Tal-Lutikov, URS 1963}) 10. a3 Bf8 11. Re1
g6 12. Bc2 Bg7 13. d5 Na5 14. b4 Nb7 (14... Nc4 15. Nxc4 bxc4 16. Nd2 $16) 15.
c4 Bd7 16. Bb2 $14 c6 17. dxc6 Bxc6 18. Rc1 Qd7 19. Bb3 Rac8 20. h3 Nd8 21. c5
Nb7 22. cxd6 Nh5 (22... Qxd6 $2 23. Ng5 Re7 24. Ndf3 $36) 23. Nf1 (23. Ng5 Nxd6
$13) 23... Qxd6 24. Ng5 Rf8 25. Qxd6 Nxd6 26. Red1 Nc4 $132 (26... Nb7 $6 27.
Ne3 h6 28. Ne6 $5 fxe6 29. Bxe6+ Kh7 30. Bxc8 Rxc8 31. Nd5 Bd7 32. Nc7 $16) 27.
Bxc4 bxc4 28. Rxc4 Nf4 29. Ne3 f6 30. Rd6 Bb5 31. Rxc8 Rxc8 32. Ne6 Nxe6 33.
Rxe6 Rc6 34. Re7 $6 (34. Rxc6 Bxc6 35. f3 $14) 34... Kf8 35. Ra7 Bh6 $1 {
<=> ץb2} 36. Nd5 (36. Rxh7 $4 Bxe3 37. fxe3 Rc2 $19) 36... Rc2 37. Bc3 Bg5 38.
a4 (38. Rxh7 $2 Bc4 39. Rc7 Bxd5 40. exd5 Rc1+ 41. Kh2 Bd2 $17) 38... Bd3 39.
b5 Bxe4 (39... axb5 40. Bb4+ Kg8 41. Ra8+ Kf7 42. Ra7+ Kg8 43. Ra8+ $10) 40.
Bb4+ Kg8 41. Rc7 (41. Ne7+ $2 Kh8 42. b6 Rc1+ 43. Kh2 Bf4+ 44. g3 Rh1#) 41...
Ra2 42. h4 $8 Bxd5 43. hxg5 Rxa4 44. Rc8+ Kg7 45. Rc7+ Kg8 46. Bc3 Rc4 $10 47.
Rxc4 Bxc4 48. b6 Bd5 49. gxf6 e4 50. g4 h6 51. Kh2 Kf7 52. Kg3 Ke6 53. Kf4 Bb7
54. Ke3 a5 55. Bxa5 1/2-1/2